Report on the impact of economic policy on industries performance : presented to heads of ministries and state corporations at the breakfast meeting held on 29 September, 1995, prepared for Zimbabwe Manpower Development Project /
Saved in:
| Corporate Authors: | , , |
|---|---|
| Format: | Book |
| Language: | English |
| Published: |
[Harare?] :
Zimbabwe National Chamber of Commerce,
[1995]
|
| Subjects: | |
| Tags: |
Add Tag
No Tags, Be the first to tag this record!
|
| LEADER | 01543nam a2200313Ia 4500 | ||
|---|---|---|---|
| 001 | 007798202-9 | ||
| 005 | 20020606104010.5 | ||
| 008 | 990922s1995 rh a 000 0 eng d | ||
| 035 | 0 | |a ocm42413819 | |
| 040 | |a FUG |c FUG |d HLS | ||
| 043 | |a f-rh--- | ||
| 050 | 4 | |a HC910 |b .R47 1995 | |
| 245 | 0 | 0 | |a Report on the impact of economic policy on industries performance : |b presented to heads of ministries and state corporations at the breakfast meeting held on 29 September, 1995, prepared for Zimbabwe Manpower Development Project / |c prepared by Imani Development (Pvt) Limited. |
| 246 | 1 | |i Title above table of contents: |a Macro-economic and sectoral study of Zimbabwe | |
| 246 | 1 | 7 | |a Macro-economic and industry presentation : |b August 1995 |
| 260 | |a [Harare?] : |b Zimbabwe National Chamber of Commerce, |c [1995] | ||
| 300 | |a 1, 56 leaves : |b ill. ; |c 30 cm. | ||
| 500 | |a Cover title. | ||
| 500 | |a At head of title: Zimbabwe National Chamber of Commerce. | ||
| 500 | |a "This report was prepared with funds provided by the Academy of Educational Development, Inc. as prime contractor to the US Agency for International Development ... for the Zimbabwe Manpower Development II Project." | ||
| 650 | 0 | |a Industries |z Zimbabwe. | |
| 650 | 0 | |a Business enterprises |z Zimbabwe. | |
| 651 | 0 | |a Zimbabwe |x Economic policy. | |
| 651 | 0 | |a Zimbabwe |x Economic conditions |y 1980- | |
| 710 | 2 | |a Imani Development Ltd. | |
| 710 | 2 | |a Zimbabwe National Chamber of Commerce. | |
| 710 | 2 | |a Zimbabwe Manpower Development II Project. | |
| 988 | |a 20020608 | ||
| 906 | |0 OCLC | ||


